Selena Gomez - Chansons de l'album Revival - Statistiques

Statistiques générales
  • Ce quiz a été pris 15 fois
  • Le résultat moyen est 10 sur 16
Statistiques - réponses
Hint Réponse % Correct
Album Me And My Girls
92%
Album Same Old Love
85%
Album Good For You
77%
Album Kill Em With Kindness
77%
Album Revival
77%
Album Camouflage
69%
Album Hands To Myself
69%
Album Me & The Rhythm
69%
Album Perfect
69%
Album Cologne
62%
Album Rise
62%
Album Sober
62%
Album Body Heat
54%
Album Nobody
54%
Album Survivors
54%
Album Outta My Mind (Loco)
0%
Aucun quiz correspondant
Distribution des résultats
% des personnes avec chaque résultat
Percentile par nombre de réponses
Votre historique - résultats
Vous n’avez pas pris ce quiz